00696nam a2200217Ia 4500008004100000020001700041040001400058082002100072100001100093245005300104260003400157300001700191365002800208366000800236505002200244530003000266620006100296630005300357650001500410730005300425100315s9999 xx 000 0 und d a8172740700  cENGLISH  b9293 a332.77  aNabhi  aGuide to Documentary Letters of Credit & USP 500 aNEW DELHI bNabhi  c1994  a"xvi,232  " eRupees d1 b140.00  f0  gVaibhav Gaikwad  bDonated By RBI Library   a"Documentary Credit, Economic, Bank, UCP500, RBI Book " aGuide to Documentary Letters of Credit & USP 500 aECONOMIC  aGuide to Documentary Letters of Credit & USP 500